00618 2200277 4500001002100000008004100021035002000062245003500082100002000117250000600137260003000143300001200173084001400185082000800199650001300207990001200220990001200232990001200244990001200256990001200268990001200280990001200292990001200304990001200316990001200328INLIS000000000000687 ind  a0010-0424000663 aTeori BilangancWono Setyabudi aSetyabudi, Wono a1 aJakarta :bErlanggac2014 a140 hlm a510 WON t a510 aNonfiksi a0721822 a0721823 a0721824 a0721825 a0721826 a0721827 a0721828 a0721829 a0721830 a0721831